00380nam a2200121Ia 4500008004100000100001700041245008900058245001700147260000900164300001000173650001300183856006200196170221s9999 xx 000 0 und d aZahn Bozanic 4aThe Ex-Ante Monitoring Role of Accounting Covenants in Public Debt (pages 803–829) cZahn Bozanic c2012 a1 : 2 xBusiness uhttp://onlinelibrary.wiley.com/doi/10.1111/jbfa.12208/pdf